header

The pristine Dao (Record no. 85698)

MARC details
000 -LEADER
fixed length control field 01417nam a2200361Ia 4500
100 1# - MAIN ENTRY--AUTHOR NAME
Personal name Michael, Thomas,
245 14 - TITLE STATEMENT
Title The pristine Dao
260 ## - PUBLICATION, DISTRIBUTION, ETC. (IMPRINT)
Place of publication Albany :
Name of publisher State University of New York Press,
Year of publication c2005.
300 ## - PHYSICAL DESCRIPTION
Number of Pages xi, 170 p.
490 1# - SERIES STATEMENT
Series statement SUNY series in Chinese philosophy and culture
650 #0 - SUBJECT ADDED ENTRY--TOPICAL TERM
Topical Term Cosmogony, Ancient.
Topical Term Taoism.
Topical Term Taoist philosophy.
856 40 - ELECTRONIC LOCATION AND ACCESS
Uniform Resource Identifier http://site.ebrary.com/lib/rucke/Doc?id=10579153

No items available.

© 2026 Rongo University
Contact us: librarian | system librarian | Rongo university